<?xml version="1.0" encoding="UTF-8"?>
<record
    xmlns:xsi="http://www.w3.org/2001/XMLSchema-instance"
    xsi:schemaLocation="http://www.loc.gov/MARC21/slim http://www.loc.gov/standards/marcxml/schema/MARC21slim.xsd"
    xmlns="http://www.loc.gov/MARC21/slim">

  <leader>00544nam a22001937a 4500</leader>
  <controlfield tag="003">NUST</controlfield>
  <controlfield tag="005">20210916114143.0</controlfield>
  <controlfield tag="008">210916b           ||||| |||| 00| 0 eng d</controlfield>
  <datafield tag="020" ind1=" " ind2=" ">
    <subfield code="a">978-81-775-8130-0</subfield>
  </datafield>
  <datafield tag="038" ind1=" " ind2=" ">
    <subfield code="a">SNS Library Staff.</subfield>
  </datafield>
  <datafield tag="082" ind1=" " ind2=" ">
    <subfield code="a">541.37 </subfield>
    <subfield code="b">BAG</subfield>
  </datafield>
  <datafield tag="245" ind1=" " ind2=" ">
    <subfield code="a">Fundamentals of Electrochemistry</subfield>
    <subfield code="c">V.S. Bagotskii</subfield>
  </datafield>
  <datafield tag="250" ind1=" " ind2=" ">
    <subfield code="a">2nd ed.</subfield>
  </datafield>
  <datafield tag="260" ind1=" " ind2=" ">
    <subfield code="a">New York </subfield>
    <subfield code="b">Wiley </subfield>
    <subfield code="c">2005</subfield>
  </datafield>
  <datafield tag="300" ind1=" " ind2=" ">
    <subfield code="a">xxvii, 722 p.</subfield>
    <subfield code="b">HB</subfield>
  </datafield>
  <datafield tag="440" ind1=" " ind2=" ">
    <subfield code="a">Fundamentals of Electrochemistry</subfield>
    <subfield code="9">82488</subfield>
  </datafield>
  <datafield tag="563" ind1=" " ind2=" ">
    <subfield code="a">HB.</subfield>
  </datafield>
  <datafield tag="942" ind1=" " ind2=" ">
    <subfield code="2">ddc</subfield>
    <subfield code="c">BK</subfield>
    <subfield code="e">2nd. ed.</subfield>
    <subfield code="k">541.37 BAG 2005</subfield>
  </datafield>
  <datafield tag="999" ind1=" " ind2=" ">
    <subfield code="c">586465</subfield>
    <subfield code="d">586465</subfield>
  </datafield>
  <datafield tag="952" ind1=" " ind2=" ">
    <subfield code="0">0</subfield>
    <subfield code="1">0</subfield>
    <subfield code="2">ddc</subfield>
    <subfield code="4">0</subfield>
    <subfield code="7">0</subfield>
    <subfield code="a">SNS</subfield>
    <subfield code="b">SNS</subfield>
    <subfield code="c">GEN</subfield>
    <subfield code="d">2021-09-16</subfield>
    <subfield code="l">1</subfield>
    <subfield code="o">541.37  BAG 2005</subfield>
    <subfield code="p">SNS0002331</subfield>
    <subfield code="r">2023-10-02</subfield>
    <subfield code="s">2021-09-16</subfield>
    <subfield code="w">2021-09-16</subfield>
    <subfield code="y">BK</subfield>
  </datafield>
</record>
